[Event "Olomouc Chess Summer 2022 - A"]
[Site "Olomouc (CZE), Hotel Flora"]
[Date "2022.08.15"]
[Round "4"]
[Board "3"]
[White "Svanda, Ondrej"]
[Black "Pap, Gyula"]
[Result "1/2-1/2"]
[WhiteElo "2389"]
[BlackElo "2481"]
[PlyCount "0"]
[EventDate "2022.08.13"]
[EventRounds "9"]
[EventCountry "CZE"]

1. c4 {[%clk 1:30:49]} c5 {[%clk 1:28:37]} 2. g3 {[%clk 1:31:05]} g6
{[%clk 1:28:30]} 3. Bg2 {[%clk 1:31:29]} Bg7 {[%clk 1:28:56]} 4. Nc3
{[%clk 1:31:56]} Nc6 {[%clk 1:28:53]} 5. e4 {[%clk 1:31:19]} e6 {[%clk 1:26:41]}
6. Nge2 {[%clk 1:31:13]} Nge7 {[%clk 1:26:49]} 7. d3 {[%clk 1:30:26]} d6
{[%clk 1:24:13]} 8. Rb1 {[%clk 1:29:00]} Nd4 {[%clk 0:54:40]} 9. Nxd4
{[%clk 1:29:17]} cxd4 {[%clk 0:50:53]} 10. Ne2 {[%clk 1:19:13]} Qa5+
{[%clk 0:46:40]} 11. b4 {[%clk 1:01:39]} Qxa2 {[%clk 0:46:00]} 12. Bb2
{[%clk 1:01:41]} e5 {[%clk 0:45:33]} 13. O-O {[%clk 0:59:59]} O-O
{[%clk 0:42:10]}  1/2-1/2

[Event "Olomouc Chess Summer 2022 - A"]
[Site "Olomouc (CZE), Hotel Flora"]
[Date "2022.08.15"]
[Round "4"]
[Board "4"]
[White "Sorm, Daniel"]
[Black "Winkelman, Albert"]
[Result "1-0"]
[WhiteElo "2308"]
[BlackElo "2278"]
[PlyCount "0"]
[EventDate "2022.08.13"]
[EventRounds "9"]
[EventCountry "CZE"]

1. d4 {[%clk 1:30:49]} d5 {[%clk 1:30:33]} 2. c4 {[%clk 1:30:42]} c6
{[%clk 1:30:45]} 3. Nf3 {[%clk 1:30:59]} Nf6 {[%clk 1:30:54]} 4. Nc3
{[%clk 1:28:01]} dxc4 {[%clk 1:31:02]} 5. a4 {[%clk 1:25:53]} Bf5
{[%clk 1:31:16]} 6. Nh4 {[%clk 1:26:20]} Bg4 {[%clk 1:27:47]} 7. h3
{[%clk 1:24:50]} Bh5 {[%clk 1:26:59]} 8. g4 {[%clk 1:20:24]} Bg6 {[%clk 1:27:19]}
9. Bg2 {[%clk 1:20:01]} e6 {[%clk 1:24:56]} 10. Nxg6 {[%clk 1:15:02]} hxg6
{[%clk 1:25:16]} 11. e3 {[%clk 1:15:18]} Na6 {[%clk 1:13:54]} 12. O-O
{[%clk 1:04:15]} Bd6 {[%clk 1:09:51]} 13. f4 {[%clk 1:02:24]} Nb4
{[%clk 1:02:22]} 14. Bd2 {[%clk 1:02:27]} a5 {[%clk 0:55:37]} 15. Qe2
{[%clk 1:02:00]} Qc7 {[%clk 0:31:02]} 16. Qxc4 {[%clk 0:48:16]} g5
{[%clk 0:30:28]} 17. Rac1 {[%clk 0:42:34]} gxf4 {[%clk 0:24:48]} 18. Nb5
{[%clk 0:40:29]} cxb5 {[%clk 0:23:25]} 19. Qxc7 {[%clk 0:40:47]} Bxc7
{[%clk 0:23:43]} 20. Bxb4 {[%clk 0:40:40]} axb4 {[%clk 0:10:32]} 21. Rxc7
{[%clk 0:40:23]} bxa4 {[%clk 0:09:58]} 22. Bxb7 {[%clk 0:32:42]} Rb8
{[%clk 0:09:15]} 23. g5 {[%clk 0:29:47]} Ng8 {[%clk 0:05:36]} 24. Bc6+
{[%clk 0:28:43]} Kf8 {[%clk 0:06:01]} 25. Rxf4 {[%clk 0:18:05]} Ne7
{[%clk 0:06:23]} 26. g6 {[%clk 0:18:16]} f6 {[%clk 0:06:12]} 27. Bxa4
{[%clk 0:18:27]} Rxh3 {[%clk 0:04:52]} 28. Re4 {[%clk 0:18:36]} Rb6
{[%clk 0:04:08]} 29. Bb3 {[%clk 0:14:20]} Rg3+ {[%clk 0:03:02]} 30. Kf2
{[%clk 0:14:21]} Rxg6 {[%clk 0:03:21]} 31. Rxe6 {[%clk 0:13:33]} Rxe6
{[%clk 0:03:41]} 32. Bxe6 {[%clk 0:13:58]} Rg5 {[%clk 0:03:53]} 33. e4
{[%clk 0:10:29]} Ra5 {[%clk 0:03:42]} 34. d5 {[%clk 0:09:51]} Ra6
{[%clk 0:04:05]} 35. Rb7 {[%clk 0:04:21]} g6 {[%clk 0:03:59]} 36. Rb8+
{[%clk 0:04:21]} Kg7 {[%clk 0:04:22]} 37. Rb7 {[%clk 0:04:49]} Kf8
{[%clk 0:04:46]} 38. Rxb4 {[%clk 0:04:47]} f5 {[%clk 0:02:51]} 39. Rb8+
{[%clk 0:02:15]} Kg7 {[%clk 0:03:16]} 40. Rb7 {[%clk 0:02:42]} Rxe6
{[%clk 0:02:28]} 41. dxe6 {[%clk 0:02:59]} Kf6 {[%clk 0:02:48]} 42. exf5
{[%clk 0:27:38]} gxf5 {[%clk 0:33:22]} 43. Rb6 {[%clk 0:27:45]} Nd5
{[%clk 0:33:26]} 44. Rc6 {[%clk 0:26:26]} Nf4 {[%clk 0:33:28]} 45. Ke3
{[%clk 0:25:46]} Nxe6 {[%clk 0:33:33]} 46. b4 {[%clk 0:25:56]} Ke7
{[%clk 0:31:49]} 47. b5 {[%clk 0:25:18]} Kd7 {[%clk 0:32:12]} 48. Kd3
{[%clk 0:24:51]}  1-0

[Event "Olomouc Chess Summer 2022 - A"]
[Site "Olomouc (CZE), Hotel Flora"]
[Date "2022.08.15"]
[Round "4"]
[Board "5"]
[White "Krejci, Jan"]
[Black "Frank, Adam"]
[Result "1-0"]
[WhiteElo "2515"]
[BlackElo "2307"]
[PlyCount "0"]
[EventDate "2022.08.13"]
[EventRounds "9"]
[EventCountry "CZE"]

1. e4 c5 2. Nc3 d6 3. Nge2 Nf6 4. g3 Nc6 5. Bg2 g6 6. d3 Rb8 7. O-O e6 8. d4 cxd4
9. Nxd4 e5 10. Nde2 Be7 11. Bg5 Be6 12. Qd2 b5 13. Rad1 O-O 14. Bh6 Re8 15. h3
Qc8 16. Kh2 Bc4 17. b3 b4 18. bxc4 bxc3 19. Qxc3 Qa6 20. f4 Rb4 21. Qe3 Rxc4 22.
Nc3 Qb6 23. Qd3 Qc5 24. Nd5 Nxd5 25. exd5 Nb4 26. Qb3 e4 27. f5 Nxd5 28. Rd2 Bf8
29. Qb7 Qc7 30. Qb5 Rb8 31. Qxd5 Bxh6 32. fxg6 hxg6 33. Rdf2 Rc5 34. Qxe4 Rf8 35.
Qd3 Rc3 36. Qd1 d5 37. Qg4 Rxc2 38. Bxd5 Rxf2+ 39. Rxf2 Qd6 40. Qf3 Qe7 41. h4
Kg7 42. Kg2 f5 43. Re2 Qc5 44. Bb3 Rc8 45. Rc2 Qxc2+ 46. Bxc2 Rxc2+ 47. Kh3 Rc7
48. Qd3 Re7 49. Qd4+ Kf7 50. Qd5+ Kg7 51. h5 Bg5 52. Qd4+ Bf6 53. h6+ Kf7 54.
Qd5+ Re6 55. h7 Be5 56. Qxe5 Rxe5 57. h8=Q Re7 58. Qd8 g5 59. Qd5+ Kg6 60. Qd6+
Kf7 61. Qh6  1-0

[Event "Olomouc Chess Summer 2022 - A"]
[Site "Olomouc (CZE), Hotel Flora"]
[Date "2022.08.16"]
[Round "5"]
[Board "1"]
[White "Frank, Adam"]
[Black "Mirzoev, Azer"]
[Result "1/2-1/2"]
[WhiteElo "2307"]
[BlackElo "2435"]
[PlyCount "0"]
[EventDate "2022.08.13"]
[EventRounds "9"]
[EventCountry "CZE"]

1. e4 {[%clk 1:30:58]} e5 {[%clk 1:29:59]} 2. Nf3 {[%clk 1:31:22]} Nc6
{[%clk 1:30:23]} 3. Bb5 {[%clk 1:31:48]} a6 {[%clk 1:30:44]} 4. Ba4
{[%clk 1:32:14]} Nge7 {[%clk 1:31:08]} 5. O-O {[%clk 1:30:31]} d6
{[%clk 1:31:31]} 6. c3 {[%clk 1:28:03]} Bd7 {[%clk 1:31:51]} 7. d4
{[%clk 1:28:13]} g6 {[%clk 1:31:56]} 8. Be3 {[%clk 1:23:02]} Bg7 {[%clk 1:32:17]}
9. dxe5 {[%clk 1:21:46]} Nxe5 {[%clk 1:31:33]} 10. Nxe5 {[%clk 1:14:10]} dxe5
{[%clk 1:28:47]} 11. Na3 {[%clk 1:12:36]} Bxa4 {[%clk 1:23:17]} 12. Qxa4+
{[%clk 1:13:01]} Qd7 {[%clk 1:23:40]} 13. Qb3 {[%clk 1:09:55]} Qc6
{[%clk 1:20:21]} 14. Qb4 {[%clk 1:06:59]} a5 {[%clk 1:19:17]} 15. Qc5
{[%clk 1:07:13]} Qxc5 {[%clk 1:17:46]} 16. Bxc5 {[%clk 1:07:38]} b6
{[%clk 1:17:09]} 17. Be3 {[%clk 1:08:04]} O-O-O {[%clk 1:16:33]} 18. Rad1
{[%clk 1:07:41]} Nc6 {[%clk 1:15:31]} 19. f3 {[%clk 1:02:53]} a4 {[%clk 1:15:21]}
20. b4 {[%clk 0:59:39]} axb3 {[%clk 1:15:40]} 21. axb3 {[%clk 1:00:04]} h5
{[%clk 1:13:27]} 22. b4 {[%clk 1:00:02]} Bh6 {[%clk 1:12:44]} 23. Rxd8+
{[%clk 0:59:34]} Nxd8 {[%clk 1:12:54]} 24. Bxh6 {[%clk 0:55:40]} Rxh6
{[%clk 1:13:18]} 25. Nc4 {[%clk 0:56:07]} f6 {[%clk 1:13:40]} 26. f4
{[%clk 0:46:09]} exf4 {[%clk 1:08:36]} 27. Rxf4 {[%clk 0:46:14]} g5
{[%clk 1:09:00]} 28. Rf5 {[%clk 0:44:44]} Nf7 {[%clk 1:08:57]} 29. e5
{[%clk 0:43:43]} Kd7 {[%clk 1:09:20]} 30. exf6 {[%clk 0:39:41]} Ke6
{[%clk 1:09:44]} 31. Ne3 {[%clk 0:39:46]} Rxf6 {[%clk 1:07:37]} 32. Rxf6+
{[%clk 0:39:56]} Kxf6 {[%clk 1:08:05]} 33. Nd5+ {[%clk 0:40:16]} Ke5
{[%clk 1:08:16]} 34. Nxc7 {[%clk 0:40:31]} Ke4 {[%clk 1:08:11]} 35. c4
{[%clk 0:39:59]} Kd4 {[%clk 1:04:08]} 36. c5 {[%clk 0:39:56]} bxc5
{[%clk 1:04:32]} 37. Ne6+ {[%clk 0:40:23]} Kc4 {[%clk 1:04:48]} 38. bxc5
{[%clk 0:40:11]} Kd5 {[%clk 1:05:12]} 39. Ng7 {[%clk 0:40:36]} h4
{[%clk 1:00:02]} 40. Kf2 {[%clk 0:38:34]} Ne5 {[%clk 1:00:25]} 41. h3
{[%clk 0:38:09]} g4 {[%clk 1:00:26]} 42. hxg4 {[%clk 0:36:34]} Nxg4+
{[%clk 1:00:52]} 43. Kf3 {[%clk 0:36:57]} Ne5+ {[%clk 1:01:18]} 44. Kf4
{[%clk 0:36:59]} Nd3+ {[%clk 1:01:40]} 45. Kg4 {[%clk 0:37:23]} Ne1
{[%clk 1:02:03]} 46. Kxh4 {[%clk 0:37:50]} Nxg2+  1/2-1/2

[Event "Olomouc Chess Summer 2022 - A"]
[Site "Olomouc (CZE), Hotel Flora"]
[Date "2022.08.16"]
[Round "5"]
[Board "2"]
[White "Winkelman, Albert"]
[Black "Krejci, Jan"]
[Result "0-1"]
[WhiteElo "2278"]
[BlackElo "2515"]
[PlyCount "0"]
[EventDate "2022.08.13"]
[EventRounds "9"]
[EventCountry "CZE"]

1. e4 {[%clk 1:30:56]} c5 {[%clk 1:30:57]} 2. Nf3 {[%clk 1:31:17]} e6
{[%clk 1:31:24]} 3. d4 {[%clk 1:31:23]} cxd4 {[%clk 1:31:51]} 4. Nxd4
{[%clk 1:31:42]} Nc6 {[%clk 1:32:17]} 5. Nc3 {[%clk 1:31:29]} a6 {[%clk 1:32:46]}
6. Be3 {[%clk 1:31:24]} Nf6 {[%clk 1:33:11]} 7. Bd3 {[%clk 1:18:52]} Qc7
{[%clk 1:30:28]} 8. O-O {[%clk 1:14:10]} Nxd4 {[%clk 1:30:33]} 9. Bxd4
{[%clk 1:14:23]} Bc5 {[%clk 1:31:01]} 10. Be2 {[%clk 1:02:24]} d6
{[%clk 1:26:20]} 11. Qd2 {[%clk 0:57:31]} Bxd4 {[%clk 1:23:40]} 12. Qxd4
{[%clk 0:57:51]} e5 {[%clk 1:23:30]} 13. Qe3 {[%clk 0:57:35]} Be6
{[%clk 1:22:14]} 14. Qg3 {[%clk 0:54:19]} O-O {[%clk 1:20:53]} 15. f4
{[%clk 0:53:51]} exf4 {[%clk 1:17:12]} 16. Rxf4 {[%clk 0:54:00]} Nd7
{[%clk 1:13:05]} 17. Rd1 {[%clk 0:44:56]} Ne5 {[%clk 1:13:02]} 18. Qe3
{[%clk 0:43:45]} b5 {[%clk 1:09:37]} 19. Qd4 {[%clk 0:42:41]} Rfd8
{[%clk 1:09:37]} 20. Rd2 {[%clk 0:42:09]} Rac8 {[%clk 1:07:12]} 21. Rf1
{[%clk 0:39:45]} Qb7 {[%clk 1:05:04]} 22. a3 {[%clk 0:38:17]} h6 {[%clk 0:58:41]}
23. Rfd1 {[%clk 0:37:09]} Rd7 {[%clk 0:57:12]} 24. h3 {[%clk 0:30:58]} Rc5
{[%clk 0:55:27]} 25. Kh1 {[%clk 0:27:46]} Qc7 {[%clk 0:51:54]} 26. Qg1
{[%clk 0:27:26]} Qb8 {[%clk 0:48:24]} 27. Qe3 {[%clk 0:26:43]} Qc7
{[%clk 0:45:49]} 28. Rd4 {[%clk 0:26:27]} Rc6 {[%clk 0:42:31]} 29. a4
{[%clk 0:22:32]} bxa4 {[%clk 0:39:56]} 30. Rxa4 {[%clk 0:22:53]} Qb7
{[%clk 0:40:23]} 31. Qc1 {[%clk 0:23:13]} Rb6 {[%clk 0:39:24]} 32. b3
{[%clk 0:06:45]} Rc7 {[%clk 0:38:55]} 33. Nd5 {[%clk 0:06:57]} Bxd5
{[%clk 0:39:17]} 34. exd5 {[%clk 0:07:21]} Rxb3 {[%clk 0:30:16]} 35. cxb3
{[%clk 0:02:47]} Rxc1 {[%clk 0:30:40]} 36. Rxc1 {[%clk 0:03:11]} Qxb3
{[%clk 0:31:00]} 37. Rxa6 {[%clk 0:03:20]} Qb2 {[%clk 0:30:00]} 38. Rc8+
{[%clk 0:03:10]} Kh7 {[%clk 0:30:29]} 39. Bg4 {[%clk 0:02:26]} Qb1+
{[%clk 0:26:03]} 40. Kh2 {[%clk 0:02:49]} Qe4 {[%clk 0:26:22]} 41. Rd8
{[%clk 0:02:13]} f5 {[%clk 0:21:06]} 42. Bxf5+ {[%clk 0:23:38]} Qxf5
{[%clk 0:51:57]} 43. Rdxd6 {[%clk 0:24:00]} Qf4+ {[%clk 0:52:00]} 44. Kg1
{[%clk 0:23:51]} Nd3 {[%clk 0:51:47]} 45. Rg6 {[%clk 0:21:39]} Qf2+
{[%clk 0:52:00]} 46. Kh2 {[%clk 0:21:54]} Qf4+ {[%clk 0:46:43]} 47. Rg3
{[%clk 0:19:25]} Ne5 {[%clk 0:42:41]} 48. Ra7 {[%clk 0:18:42]} Ng6
{[%clk 0:43:03]} 49. Raa3 {[%clk 0:18:25]} h5 {[%clk 0:42:35]} 50. Kh1
{[%clk 0:17:05]} h4 {[%clk 0:40:33]} 51. Rgf3 {[%clk 0:16:54]} Qd2
{[%clk 0:40:29]} 52. Ra1 {[%clk 0:06:30]} Nf4 {[%clk 0:40:22]} 53. Rg1
{[%clk 0:06:44]} g5 {[%clk 0:39:08]} 54. d6 {[%clk 0:05:45]} Qxd6
{[%clk 0:39:32]} 55. Rgf1 {[%clk 0:05:37]} Nh5 {[%clk 0:37:55]} 56. Rb1
{[%clk 0:05:07]} Kg6 {[%clk 0:37:03]} 57. Rfb3 {[%clk 0:05:19]} Ng3+
{[%clk 0:37:29]} 58. Kg1 {[%clk 0:05:34]} Kh5 {[%clk 0:37:31]} 59. Rb7
{[%clk 0:04:53]} Qd4+ {[%clk 0:34:11]} 60. Kh2 {[%clk 0:05:12]} Qf4
{[%clk 0:34:44]} 61. Rh7+ {[%clk 0:03:25]} Kg6 {[%clk 0:35:13]} 62. Rhb7
{[%clk 0:03:45]} Ne4+ {[%clk 0:34:05]} 63. Kh1 {[%clk 0:03:03]} Nf6
{[%clk 0:32:05]} 64. R7b6 {[%clk 0:02:49]} Kh5 {[%clk 0:32:21]} 65. Rb7
{[%clk 0:02:04]} Nd5 {[%clk 0:31:08]} 66. Rh7+ {[%clk 0:02:12]} Kg6
{[%clk 0:31:37]} 67. Rhb7 {[%clk 0:02:35]} Qe4 {[%clk 0:31:53]} 68. Kg1
{[%clk 0:00:51]} Nf4 {[%clk 0:30:20]} 69. R1b2 {[%clk 0:00:39]} Kh5
{[%clk 0:29:19]} 70. R7b3 {[%clk 0:00:41]} Ne2+ {[%clk 0:27:59]} 71. Kf2
{[%clk 0:00:41]} Nc1 {[%clk 0:27:49]}  0-1

[Event "Olomouc Chess Summer 2022 - A"]
[Site "Olomouc (CZE), Hotel Flora"]
[Date "2022.08.16"]
[Round "5"]
[Board "4"]
[White "Stalmach, Richard"]
[Black "Svanda, Ondrej"]
[Result "1-0"]
[WhiteElo "2387"]
[BlackElo "2389"]
[PlyCount "0"]
[EventDate "2022.08.13"]
[EventRounds "9"]
[EventCountry "CZE"]

1. d4 {[%clk 1:30:58]} Nf6 {[%clk 1:30:53]} 2. c4 {[%clk 1:31:22]} e6
{[%clk 1:31:19]} 3. Nf3 {[%clk 1:31:41]} Bb4+ {[%clk 1:31:43]} 4. Nbd2
{[%clk 1:32:05]} O-O {[%clk 1:32:04]} 5. a3 {[%clk 1:32:30]} Be7 {[%clk 1:32:27]}
6. e4 {[%clk 1:32:14]} d6 {[%clk 1:32:39]} 7. Be2 {[%clk 1:31:51]} Nbd7
{[%clk 1:32:52]} 8. O-O {[%clk 1:31:43]} e5 {[%clk 1:32:41]} 9. Qc2
{[%clk 1:31:34]} a5 {[%clk 1:32:05]} 10. b3 {[%clk 1:31:13]} exd4
{[%clk 1:31:51]} 11. Nxd4 {[%clk 1:31:32]} Re8 {[%clk 1:32:17]} 12. Bb2
{[%clk 1:29:56]} Bf8 {[%clk 1:32:24]} 13. Rfe1 {[%clk 1:29:14]} g6
{[%clk 1:29:26]} 14. Bf1 {[%clk 1:25:31]} Bg7 {[%clk 1:25:47]} 15. h3
{[%clk 1:18:54]} h5 {[%clk 1:23:01]} 16. Rad1 {[%clk 1:18:29]} h4
{[%clk 1:19:38]} 17. N2f3 {[%clk 1:02:07]} Nh5 {[%clk 1:09:21]} 18. Nb5
{[%clk 1:00:49]} Ne5 {[%clk 1:04:41]} 19. Bxe5 {[%clk 0:55:35]} Bxe5
{[%clk 0:57:53]} 20. c5 {[%clk 0:55:06]} Qe7 {[%clk 0:53:37]} 21. cxd6
{[%clk 0:47:16]} Bxd6 {[%clk 0:54:05]} 22. e5 {[%clk 0:41:38]} Bc5
{[%clk 0:46:25]} 23. e6 {[%clk 0:41:06]} Bxe6 {[%clk 0:32:02]} 24. Rxe6
{[%clk 0:40:40]} Qxe6 {[%clk 0:31:31]} 25. Qxc5 {[%clk 0:40:47]} Qxb3
{[%clk 0:31:57]} 26. Rd3 {[%clk 0:38:23]} Qb1 {[%clk 0:32:24]} 27. Qc4
{[%clk 0:37:56]} Ra6 {[%clk 0:30:50]} 28. Rd7 {[%clk 0:31:41]} Rf6
{[%clk 0:30:49]} 29. Nxc7 {[%clk 0:30:59]} Re4 {[%clk 0:27:17]} 30. Rd8+
{[%clk 0:31:05]} Kh7 {[%clk 0:27:44]} 31. Qxe4 {[%clk 0:30:55]}  1-0

[Event "Olomouc Chess Summer 2022 - A"]
[Site "Olomouc (CZE), Hotel Flora"]
[Date "2022.08.16"]
[Round "5"]
[Board "5"]
[White "Lutsko, Artem"]
[Black "Baum, Jonasz"]
[Result "0-1"]
[WhiteElo "2407"]
[BlackElo "2412"]
[PlyCount "0"]
[EventDate "2022.08.13"]
[EventRounds "9"]
[EventCountry "CZE"]

1. c4 e6 2. Nc3 d5 3. d4 Bb4 4. a3 Bxc3+ 5. bxc3 Nf6 6. e3 O-O 7. Bd3 dxc4 8.
Bxc4 c5 9. Ne2 Qc7 10. Bd3 Nc6 11. O-O e5 12. Qc2 Rd8 13. f4 exd4 14. cxd4 Qe7
15. dxc5 Rd5 16. e4 Rxc5 17. Qb1 Rh5 18. Ng3 Rxh2 19. Kxh2 Ng4+ 20. Kg1 Qh4 21.
Rf3 Nd4 22. Re3 Qh2+ 23. Kf1 Be6 24. Qb2 Rd8 25. Be2 Nxe2 26. Qxe2 Nxe3+ 27. Qxe3
Rd1+ 28. Kf2 Bh3 29. Ke2 Bg4+  0-1

[Event "Olomouc Chess Summer 2022 - A"]
[Site "Olomouc (CZE), Hotel Flora"]
[Date "2022.08.17"]
[Round "6"]
[Board "1"]
[White "Mirzoev, Azer"]
[Black "Baum, Jonasz"]
[Result "1-0"]
[WhiteElo "2435"]
[BlackElo "2412"]
[PlyCount "0"]
[EventDate "2022.08.13"]
[EventRounds "9"]
[EventCountry "CZE"]

1. d4 {[%clk 1:30:41]} Nf6 {[%clk 1:30:54]} 2. Nf3 {[%clk 1:31:02]} d5
{[%clk 1:31:15]} 3. c4 {[%clk 1:30:32]} e6 {[%clk 1:31:39]} 4. e3
{[%clk 1:30:15]} Be7 {[%clk 1:31:32]} 5. b3 {[%clk 1:29:49]} O-O {[%clk 1:29:25]}
6. Bb2 {[%clk 1:30:14]} c5 {[%clk 1:27:50]} 7. Nbd2 {[%clk 1:30:18]} cxd4
{[%clk 1:26:57]} 8. exd4 {[%clk 1:30:22]} Nc6 {[%clk 1:27:02]} 9. Bd3
{[%clk 1:30:33]} b6 {[%clk 1:25:23]} 10. O-O {[%clk 1:28:55]} Bb7
{[%clk 1:25:42]} 11. Qe2 {[%clk 1:29:14]} Rc8 {[%clk 1:23:18]} 12. Rad1
{[%clk 1:29:32]} Qc7 {[%clk 1:21:11]} 13. Rfe1 {[%clk 1:28:33]} Rfd8
{[%clk 1:18:50]} 14. h3 {[%clk 1:28:29]} Nh5 {[%clk 1:04:07]} 15. Bb1
{[%clk 1:25:49]} Nf4 {[%clk 1:01:39]} 16. Qe3 {[%clk 1:25:47]} Bf6
{[%clk 0:56:19]} 17. g3 {[%clk 1:03:02]} Ng6 {[%clk 0:50:30]} 18. h4
{[%clk 0:45:12]} Nge7 {[%clk 0:48:05]} 19. g4 {[%clk 0:39:33]} Ng6
{[%clk 0:43:00]} 20. cxd5 {[%clk 0:32:24]} Rxd5 {[%clk 0:41:46]} 21. h5
{[%clk 0:31:06]} Nf4 {[%clk 0:31:45]} 22. Ne4 {[%clk 0:30:40]} Nh3+
{[%clk 0:31:45]} 23. Kg2 {[%clk 0:28:48]} Nf4+ {[%clk 0:32:05]} 24. Kf1
{[%clk 0:22:31]} Be7 {[%clk 0:28:33]} 25. Bc1 {[%clk 0:19:08]} Ba6+
{[%clk 0:21:11]} 26. Kg1 {[%clk 0:19:32]} e5 {[%clk 0:21:38]} 27. Nc3
{[%clk 0:13:33]} Nxd4 {[%clk 0:11:16]} 28. Nxd4 {[%clk 0:12:14]} Rxd4
{[%clk 0:10:47]} 29. Rxd4 {[%clk 0:12:07]} exd4 {[%clk 0:10:59]} 30. Qxe7
{[%clk 0:10:03]} Qxe7 {[%clk 0:04:19]} 31. Rxe7 {[%clk 0:10:28]} Ne6
{[%clk 0:04:36]} 32. Rxa7 {[%clk 0:09:10]} Bb5 {[%clk 0:02:53]} 33. Nxb5
{[%clk 0:06:02]} Rxc1+ {[%clk 0:03:21]} 34. Kg2 {[%clk 0:06:23]} Rxb1
{[%clk 0:03:47]} 35. Ra8+ {[%clk 0:06:49]} Nf8 {[%clk 0:04:14]} 36. Nxd4
{[%clk 0:07:15]} Rd1 {[%clk 0:03:23]} 37. Nc6 {[%clk 0:06:43]} f5
{[%clk 0:02:27]} 38. Ne7+ {[%clk 0:07:06]} Kf7 {[%clk 0:02:54]} 39. Nxf5
{[%clk 0:07:31]} Nd7 {[%clk 0:02:59]} 40. Ra7 {[%clk 0:07:30]} Kf6
{[%clk 0:02:59]} 41. Ne3 {[%clk 0:07:51]} Rd4 {[%clk 0:03:24]} 42. Kg3
{[%clk 0:07:53]} g6 {[%clk 0:03:25]} 43. hxg6 {[%clk 0:08:01]} hxg6
{[%clk 0:03:53]} 44. Rc7 {[%clk 0:08:14]} Rd6 {[%clk 0:02:58]} 45. f3
{[%clk 0:07:04]} Rd3 {[%clk 0:01:22]} 46. Kf2 {[%clk 0:04:30]} Kg5
{[%clk 0:01:11]} 47. Ke2 {[%clk 0:04:28]} Rd6 {[%clk 0:01:33]} 48. Nc4
{[%clk 0:02:46]} Rd5 {[%clk 0:01:07]} 49. Rc6 {[%clk 0:00:57]} b5
{[%clk 0:01:32]} 50. Nd2 {[%clk 0:29:37]} Ne5 {[%clk 0:28:25]} 51. Ne4+
{[%clk 0:29:37]} Kh4 {[%clk 0:28:50]} 52. Rc8 {[%clk 0:28:05]} Nf7
{[%clk 0:29:02]} 53. Rg8 {[%clk 0:24:07]} Kh3 {[%clk 0:28:26]} 54. Rxg6
{[%clk 0:23:47]} Kg2 {[%clk 0:28:54]} 55. f4 {[%clk 0:23:54]} b4 {[%clk 0:28:56]}
56. Rf6 {[%clk 0:23:37]} Nh8 {[%clk 0:28:37]} 57. f5 {[%clk 0:23:10]}  1-0

[Event "Olomouc Chess Summer 2022 - A"]
[Site "Olomouc (CZE), Hotel Flora"]
[Date "2022.08.17"]
[Round "6"]
[Board "2"]
[White "Svanda, Ondrej"]
[Black "Lutsko, Artem"]
[Result "1/2-1/2"]
[WhiteElo "2389"]
[BlackElo "2407"]
[PlyCount "0"]
[EventDate "2022.08.13"]
[EventRounds "9"]
[EventCountry "CZE"]

1. e4 {[%clk 1:30:58]} c5 {[%clk 1:30:56]} 2. Nf3 {[%clk 1:31:24]} d6
{[%clk 1:31:23]} 3. Bb5+ {[%clk 1:31:48]} Nd7 {[%clk 1:31:15]} 4. a4
{[%clk 1:31:55]} Ngf6 {[%clk 1:31:43]} 5. Nc3 {[%clk 1:32:20]} g6
{[%clk 1:31:58]} 6. a5 {[%clk 1:32:42]} Bg7 {[%clk 1:32:05]} 7. O-O
{[%clk 1:32:59]} a6 {[%clk 1:32:31]} 8. Be2 {[%clk 1:32:52]} O-O {[%clk 1:32:56]}
9. d3 {[%clk 1:32:54]} b5 {[%clk 1:32:13]} 10. axb6 {[%clk 1:33:18]} a5
{[%clk 1:32:31]} 11. Qd2 {[%clk 1:28:40]} Nxb6 {[%clk 1:27:05]} 12. b3
{[%clk 1:28:19]} Bd7 {[%clk 1:08:21]} 13. Bb2 {[%clk 1:28:02]} Qc7
{[%clk 1:06:13]} 14. Ra2 {[%clk 1:22:05]} a4 {[%clk 1:05:52]} 15. bxa4
{[%clk 1:21:17]} Nxa4 {[%clk 1:06:20]} 16. Rfa1 {[%clk 1:11:25]} Nb6
{[%clk 1:06:47]} 17. Qc1 {[%clk 1:11:29]} Qb7 {[%clk 0:54:55]} 18. e5
{[%clk 1:00:59]} Rxa2 {[%clk 0:52:47]} 19. Rxa2 {[%clk 1:01:28]} Nfd5
{[%clk 0:53:03]} 20. Nxd5 {[%clk 0:57:50]} Qxd5 {[%clk 0:49:56]} 21. Qa1
{[%clk 0:38:59]} Ra8 {[%clk 0:40:18]} 22. Rxa8+ {[%clk 0:37:02]} Qxa8
{[%clk 0:39:12]} 23. Qxa8+ {[%clk 0:37:29]} Nxa8 {[%clk 0:39:34]} 24. d4
{[%clk 0:30:23]} cxd4 {[%clk 0:25:26]} 25. exd6 {[%clk 0:30:53]} exd6
{[%clk 0:15:10]} 26. Bxd4 {[%clk 0:31:21]}  1/2-1/2

[Event "Olomouc Chess Summer 2022 - A"]
[Site "Olomouc (CZE), Hotel Flora"]
[Date "2022.08.17"]
[Round "6"]
[Board "3"]
[White "Sorm, Daniel"]
[Black "Stalmach, Richard"]
[Result "1/2-1/2"]
[WhiteElo "2308"]
[BlackElo "2387"]
[PlyCount "0"]
[EventDate "2022.08.13"]
[EventRounds "9"]
[EventCountry "CZE"]

1. e4 {[%clk 1:30:43]} c5 {[%clk 1:30:08]} 2. Nf3 {[%clk 1:31:06]} Nc6
{[%clk 1:28:16]} 3. Bb5 {[%clk 1:31:19]} g6 {[%clk 1:27:25]} 4. O-O
{[%clk 1:31:30]} Bg7 {[%clk 1:28:02]} 5. Re1 {[%clk 1:31:27]} e5 {[%clk 1:20:38]}
6. b4 {[%clk 1:31:25]} cxb4 {[%clk 1:17:37]} 7. a3 {[%clk 1:31:37]} bxa3
{[%clk 1:02:17]} 8. d4 {[%clk 1:11:14]} exd4 {[%clk 0:53:11]} 9. Nxa3
{[%clk 1:07:22]} Nge7 {[%clk 0:50:01]} 10. Nc4 {[%clk 1:05:59]} O-O
{[%clk 0:48:19]} 11. Nd6 {[%clk 1:05:08]} a6 {[%clk 0:45:29]} 12. e5
{[%clk 1:00:31]} Qc7 {[%clk 0:34:05]} 13. Bg5 {[%clk 0:43:52]} Bxe5
{[%clk 0:24:37]} 14. Nxe5 {[%clk 0:42:27]} Qxd6 {[%clk 0:24:01]} 15. Bxc6
{[%clk 0:29:46]} Nxc6 {[%clk 0:20:17]} 16. Nc4 {[%clk 0:29:50]} Qc7
{[%clk 0:16:38]} 17. Bh6 {[%clk 0:24:25]} d5 {[%clk 0:14:56]} 18. Na5
{[%clk 0:22:23]} Qb6 {[%clk 0:12:22]} 19. Nxc6 {[%clk 0:19:50]} bxc6
{[%clk 0:12:49]} 20. Rb1 {[%clk 0:17:03]} Qc5 {[%clk 0:13:06]} 21. Qf3
{[%clk 0:16:23]} Qd6 {[%clk 0:13:16]} 22. Bf4 {[%clk 0:11:50]} Qf6
{[%clk 0:12:50]} 23. Qg3 {[%clk 0:12:18]} Qf5 {[%clk 0:12:02]} 24. Bd6
{[%clk 0:12:11]} Be6 {[%clk 0:11:30]} 25. Bxf8 {[%clk 0:11:47]} Rxf8
{[%clk 0:11:56]} 26. Qd6 {[%clk 0:12:04]} Qxc2 {[%clk 0:09:35]} 27. Rb8
{[%clk 0:08:45]} Bc8 {[%clk 0:07:57]} 28. Qc7 {[%clk 0:09:03]} d3
{[%clk 0:06:02]} 29. Rxc8 {[%clk 0:08:49]} d2 {[%clk 0:06:19]} 30. Rxf8+
{[%clk 0:07:14]} Kxf8 {[%clk 0:06:43]} 31. Qd6+ {[%clk 0:07:05]} Kg7
{[%clk 0:06:59]} 32. Qe5+ {[%clk 0:07:28]} Kg8 {[%clk 0:07:25]} 33. Qb8+
{[%clk 0:07:44]} Kg7 {[%clk 0:07:52]} 34. Qe5+ {[%clk 0:08:09]} Kg8
{[%clk 0:07:39]}  1/2-1/2